MyGZULibrary

African laughter : (Record no. 738)

MARC details
000 -LEADER
fixed length control field 00815cam a2200265 a 4500
001 - CONTROL NUMBER
control field 3925708
003 - CONTROL NUMBER IDENTIFIER
control field GZU
005 - DATE AND TIME OF LATEST TRANSACTION
control field 20200911113945.0
008 - FIXED-LENGTH DATA ELEMENTS--GENERAL INFORMATION
fixed length control field 920128r1992 nyub 000 0aeng
010 ## - LIBRARY OF CONGRESS CONTROL NUMBER
LC control number 92052590
020 ## - INTERNATIONAL STANDARD BOOK NUMBER
International Standard Book Number 0060168544
040 ## - CATALOGING SOURCE
Original cataloging agency DLC
Transcribing agency DLC
Modifying agency DLC
043 ## - GEOGRAPHIC AREA CODE
Geographic area code f-rh---
050 00 - LIBRARY OF CONGRESS CALL NUMBER
Classification number DT2904
Item number .LES 1992
100 1# - MAIN ENTRY--PERSONAL NAME
Personal name Lessing, Doris,
Dates associated with a name 1919-2013.
Relator term author
245 10 - TITLE STATEMENT
Title African laughter :
Remainder of title four visits to Zimbabwe /
Statement of responsibility, etc. Doris Lessing.
250 ## - EDITION STATEMENT
Edition statement 1st U.S. ed.
260 ## - PUBLICATION, DISTRIBUTION, ETC.
Place of publication, distribution, etc. New York :
Name of publisher, distributor, etc. HarperCollins Publishers,
Date of publication, distribution, etc. c1992.
300 ## - PHYSICAL DESCRIPTION
Extent xii, 442 p. :
Other physical details maps ;
Dimensions 25 cm.
500 ## - GENERAL NOTE
General note An Account
600 10 - SUBJECT ADDED ENTRY--PERSONAL NAME
Personal name Lessing, Doris,
Dates associated with a name 1919-2013
General subdivision Travel
Geographic subdivision Zimbabwe.
651 #0 - SUBJECT ADDED ENTRY--GEOGRAPHIC NAME
Geographic name Zimbabwe
General subdivision Description and travel.
906 ## - LOCAL DATA ELEMENT F, LDF (RLIN)
a 7
b cbc
c orignew
d 1
e ocip
f 19
g y-gencatlg
942 ## - ADDED ENTRY ELEMENTS (KOHA)
Source of classification or shelving scheme Library of Congress Classification
Koha item type Books
Classification part 2904
Item part LES
Call number prefix DT
Holdings
Withdrawn status Lost status Source of classification or shelving scheme Damaged status Not for loan Collection code Home library Current library Shelving location Date acquired Total Checkouts Full call number Barcode Date last seen Copy number Price effective from Koha item type
    Library of Congress Classification     Non-fiction City Campus Library City Campus Library General Stacks 11/26/2015   DT2904 LES 1992 025001 09/11/2020 c. 1 09/11/2020 Books